000 00771nam a22002297a 4500
005 20150407110242.0
010 _aENG-112516
020 _a9789381904749
_c1699.00
035 _aEN-96048
037 _bDBAD/PUB
082 _a577.274
100 _aJha, U.C.
245 0 0 _aWeapons of war :
_cby U.C. Jha
_benvironmental impact /
260 _aNew Delhi
_bKW Publishers
_c2013
270 _a4676/21, First Floor, Ansari Road, Daryaganj,
_bNew Delhi
_e110002
300 _axiii,450p.
_c24cm(Hb)
500 _aIncludes bibliographical references and index
650 _a War
_xEnvironmental aspects.
650 _aNuclear weapons
_xEnvironmental aspects.
650 _aNuclear explosions
_xEnvironmental aspects.
942 _2ddc
_cEN
_mJHA
_h577.274
999 _c92537
_d92537